000 01041cam a2200229 4500
001 ABS63524
008 000000n2000 000 0 eng u
035 _a(Sirsi) u110915
100 _aMacaulay, M.
245 _aWarranting third party rights
260 _c2000
490 _aConstruction Law Journal
_v16(5) 2000, 265-272(7)
520 _aExamines the provisions and impact of the Contracts (Rights of Third Parties) Act 1999 for the construction industry in England and Wales. Considers what the introduction of the Act means for the use of collateral warranties. Although the legislation does not apply to Scotland, also discusses the future implications for Scotland.
590 _aABS
650 _aBUILT ENVIRONMENT-BUILDING CONTRACT FORMS-CONSTRUCTION COLLATERAL WARRANTY FORMS
650 _aCONTRACT (RIGHTS OF THIRD PARTIES) ACT 1999
650 _aSCOTLAND
650 _aTHIRD PARTY RIGHTS
650 _aBUILT ENVIRONMENT-BUILDING CONTRACT FORMS
690 _aBUILT ENVIRONMENT-BUILDING CONTRACT FORMS
942 _n0
999 _c66112
_d66112